[Event "Aslo ASKO CC-ch Group-B"]
[Site "Oslo"]
[Date "2009.05.19"]
[Round "8"]
[White "Leknes, Lars Seval"]
[Black "Ohman, Kjell Tage"]
[Result "0-1"]
[WhiteElo "1105"]
[BlackElo "1588"]
[PlyCount "98"]
[EventDate "2009.02.10"]
[EventType "swiss"]
[EventRounds "9"]
[EventCountry "NOR"]
[SourceTitle "EXT 2011"]
[Source "ChessBase"]
[SourceDate "2010.11.26"]
[SourceVersion "1"]
[SourceVersionDate "2010.11.26"]
[SourceQuality "1"]

1. e4 c5 2. Nf3 e6 3. Nc3 Nc6 4. g3 d5 5. Bg2 Nf6 6. exd5 exd5 7. d3 Be7 8. 0-0 0-0 9. Bf4 Be6 10. Qd2 h6 11. Rae1 Nh5 12. Be5 Nxe5 13. Rxe5 Nf6 14. Rfe1 Qb6 15. b3 Rfe8 16. Nh4 Rad8 17. Ng6 Bd6 18. Nxd5 Nxd5 19. Bxd5 Bxe5 20. Bxe6 Rxe6 21. Nxe5 Rde8 22. Nf3 Rxe1+ 23. Nxe1 Qf6 24. Kg2 Qa1 25. Nf3 Qxa2 26. d4 cxd4 27. Nxd4 Qa6 28. Qf4 Qg6 29. Nf5 Qc6+ 30. Qf3 Qxf3+ 31. Kxf3 h5 32. Nd4 g6 33. Kf4 Kg7 34. h4 a6 35. c4 Kf6 36. f3 Re1 37. c5 Rc1 38. g4 Rxc5 39. g5+ Ke7 40. Ke4 Rc1 41. Kf4 Kd6 42. Ne2 Rb1 43. Nc3 Rxb3 44. Ne4+ Ke7 45. Nf6 Rb5 46. Ng8+ Ke6 47. Nf6 Rf5+ 48. Ke4 Rxf6 49. gxf6 b5 0-1

[Event "Aslo ASKO CC-ch Group-B"]
[Site "Oslo"]
[Date "2009.05.05"]
[Round "7"]
[White "Valle, Stian"]
[Black "Leknes, Lars Seval"]
[Result "1-0"]
[WhiteElo "1109"]
[BlackElo "1105"]
[PlyCount "95"]
[EventDate "2009.02.10"]
[EventType "swiss"]
[EventRounds "9"]
[EventCountry "NOR"]
[SourceTitle "EXT 2011"]
[Source "ChessBase"]
[SourceDate "2010.11.26"]
[SourceVersion "1"]
[SourceVersionDate "2010.11.26"]
[SourceQuality "1"]

1. e4 e5 2. Nf3 Nc6 3. Bc4 Bc5 4. Nc3 Nf6 5. d3 h6 6. Be3 b6 7. Qd2 d6 8. h3 Bb7 9. 0-0-0 a6 10. d4 Bb4 11. Bd3 Ne7 12. dxe5 Bxc3 13. Qxc3 Nxe4 14. Bxe4 Bxe4 15. Rd2 Nf5 16. Rhd1 0-0 17. Bf4 Rc8 18. Re1 Bxf3 19. Qxf3 Re8 20. Qg4 g5 21. Qxf5 gxf4 22. Red1 Qg5 23. Qxg5+ hxg5 24. exd6 cxd6 25. Rxd6 Re2 26. Rf1 Rcxc2+ 27. Kd1 Rxb2 28. Rxb6 Rxb6 29. Kxe2 Rb2+ 30. Kf3 Rxa2 31. Kg4 f6 32. h4 Ra5 33. h5 Rb5 34. Rc1 Rb6 35. h6 Kh7 36. Kh5 Rb7 37. Rc6 a5 38. Ra6 Rb1 39. Ra7+ Kg8 40. Kg6 Kf8 41. h7 Rh1 42. Ra8+ Ke7 43. h8Q Rxh8 44. Rxh8 Kd6 45. Ra8 Ke5 46. Rxa5+ Ke6 47. f3 Ke7 48. Ra6 1-0